000 00563nam a22001931a 4500
001 2877
003 OSt
005 20260204211829.0
008 040405s1986||||dr ||||||b||||||||||spa||
050 _aRD 720.7293 C139a
082 _aRD 720.7293 C139a
100 _aCalvanti, Rafael
245 _aArquictetura contemporánea en la República Dominicana / Rafael Calvanti
264 _aSanto Domingo : Banco Nacional de la Vivienda
300 _a222 p
500 _aIncluye bibliografía.
650 _a1.Arquitectura - República DominicanaÌ
942 _2ddc
_cBK
999 _c2877
_d2877